[Event "Helsingor Xtracon op"]
[Site "Helsingor"]
[Date "2018.07.29"]
[Round "10"]
[White "Glibstrup, Jakob"]
[Black "Bernstein, Jonas August"]
[Result "1-0"]
[WhiteElo "1920"]
[BlackElo "1661"]
[PlyCount "81"]
[EventDate "2018.07.21"]
[EventType "swiss"]
[EventRounds "10"]
[EventCountry "DEN"]
[SourceTitle "CBM 185 Extra"]
[Source "ChessBase"]
[SourceDate "2018.07.29"]
[SourceVersion "1"]
[SourceVersionDate "2018.07.29"]
[SourceQuality "1"]

1. Nf3 c5 2. e4 d6 3. d4 cxd4 4. Nxd4 Nf6 5. Nc3 a6 6. Be3 e5 7. Nb3 Be6 8. f3 Be7 9. Qd2 0-0 10. 0-0-0 Nbd7 11. g4 b5 12. h4 Nb6 13. g5 Nh5 14. Qf2 Nc4 15. Bxc4 Bxc4 16. Na5 Qc8 17. Nxc4 Qxc4 18. Nd5 Bd8 19. Kb1 a5 20. Rd3 b4 21. Rhd1 Ra6 22. Qg2 g6 23. f4 exf4 24. Nxf4 Nxf4 25. Bxf4 Be7 26. h5 gxh5 27. Rh3 a4 28. b3 axb3 29. cxb3 Qe6 30. Rxh5 Rfa8 31. Rd2 Rxa2 32. Rxa2 Qxb3+ 33. Qb2 Qd1+ 34. Qc1 Qd3+ 35. Qc2 Qf1+ 36. Bc1 Rb8 37. Qe2 Qxe2 38. Rxe2 Bf8 39. Reh2 Bg7 40. Bb2 Bc3 41. Rxh7 1-0

[Event "Helsingor Xtracon op"]
[Site "Helsingor"]
[Date "2018.07.23"]
[Round "4"]
[White "Myrheim, Hakon Abeland"]
[Black "Bernstein, Jonas August"]
[Result "1-0"]
[WhiteElo "1888"]
[BlackElo "1661"]
[PlyCount "29"]
[EventDate "2018.07.21"]
[EventType "swiss"]
[EventRounds "10"]
[EventCountry "DEN"]
[SourceTitle "CBM 185 Extra"]
[Source "ChessBase"]
[SourceDate "2018.07.29"]
[SourceVersion "1"]
[SourceVersionDate "2018.07.29"]
[SourceQuality "1"]

1. e4 e6 2. d3 d5 3. Qe2 c5 4. Nf3 Be7 5. g3 Nf6 6. Bg2 Nc6 7. 0-0 0-0 8. e5 Nd7 9. c4 d4 10. h4 Re8 11. h5 Bf8 12. Bf4 Rb8 13. g4 Ne7 14. Nbd2 f6 15. exf6 1-0

[Event "Stjernen NGP A"]
[Site "Oslo"]
[Date "2018.06.09"]
[Round "4"]
[White "Yousef, Rabie"]
[Black "Bernstein, Jonas August"]
[Result "1-0"]
[WhiteElo "1683"]
[BlackElo "1651"]
[PlyCount "89"]
[EventDate "2018.06.08"]
[EventType "swiss"]
[EventRounds "6"]
[EventCountry "NOR"]
[SourceTitle "EXT 2024"]
[Source "ChessBase"]
[SourceDate "2023.10.10"]
[SourceVersion "1"]
[SourceVersionDate "2023.10.10"]
[SourceQuality "1"]

1. e4 c6 2. d4 d5 3. Nc3 dxe4 4. Nxe4 Bf5 5. Ng3 Bg6 6. h4 h6 7. Nf3 Nd7 8. h5 Bh7 9. Bd3 Bxd3 10. Qxd3 e6 11. Bf4 Qa5+ 12. Bd2 Bb4 13. 0-0 Bxd2 14. Qxd2 Qxd2 15. Nxd2 Ngf6 16. Rfd1 0-0 17. Nde4 Rfd8 18. c4 Nxe4 19. Nxe4 Nf6 20. Nxf6+ gxf6 21. Rd3 Rd7 22. Rad1 Rad8 23. g4 Kf8 24. Kf1 Ke7 25. Ke2 Rg8 26. Rg3 Rg5 27. f4 Rg8 28. Rdd3 Rd6 29. Ke3 Rgd8 30. Ke4 f5+ 31. gxf5 exf5+ 32. Ke5 Rf6 33. d5 Rfd6 34. Kxf5 cxd5 35. Rge3+ Kf8 36. cxd5 Rxd5+ 37. Rxd5 Rxd5+ 38. Re5 Rxe5+ 39. Kxe5 Ke7 40. Kf5 b6 41. a4 a6 42. b4 Kf8 43. Kf6 Kg8 44. Ke7 Kg7 45. f5 1-0

[Event "Helsingor Xtracon op"]
[Site "Helsingor"]
[Date "2017.07.25"]
[Round "5"]
[White "Strachan, Christian C"]
[Black "Bernstein, Jonas August"]
[Result "1/2-1/2"]
[WhiteElo "1938"]
[BlackElo "1665"]
[PlyCount "66"]
[EventDate "2017.07.22"]
[EventType "swiss"]
[EventRounds "10"]
[EventCountry "DEN"]
[SourceTitle "CBM 179 Extra"]
[Source "ChessBase"]
[SourceDate "2017.08.23"]
[SourceVersion "1"]
[SourceVersionDate "2017.08.23"]
[SourceQuality "1"]

1. e4 c5 2. c3 Nf6 3. e5 Nd5 4. d4 cxd4 5. cxd4 d6 6. Nf3 Nc6 7. Nc3 Nb6 8. Bb5 a6 9. Be2 dxe5 10. dxe5 Qxd1+ 11. Bxd1 g6 12. 0-0 Bg7 13. Bf4 0-0 14. Re1 Nc4 15. b3 Nb2 16. Bg3 Bf5 17. Re2 Nd3 18. Bc2 Ncb4 19. Bxd3 Nxd3 20. Nd5 e6 21. Ne7+ Kh8 22. Nxf5 exf5 23. Rd1 Nc5 24. Ng5 h6 25. Nf3 Ne4 26. Rc1 Kg8 27. Rec2 Rfe8 28. h4 Nxg3 29. fxg3 Bxe5 30. Kf2 Bf6 31. Rc7 b5 32. R1c6 Kg7 33. Rc2 Kg8 1/2-1/2

[Event "Helsingor Xtracon op"]
[Site "Helsingor"]
[Date "2017.07.23"]
[Round "2"]
[White "Thuesen, Mogens Henrik"]
[Black "Bernstein, Jonas August"]
[Result "1-0"]
[WhiteElo "2170"]
[BlackElo "1665"]
[PlyCount "61"]
[EventDate "2017.07.22"]
[EventType "swiss"]
[EventRounds "10"]
[EventCountry "DEN"]
[SourceTitle "CBM 179 Extra"]
[Source "ChessBase"]
[SourceDate "2017.08.23"]
[SourceVersion "1"]
[SourceVersionDate "2017.08.23"]
[SourceQuality "1"]

1. e4 c6 2. d4 d5 3. exd5 cxd5 4. c4 Nf6 5. Nc3 e6 6. Nf3 Nbd7 7. cxd5 exd5 8. Bf4 Bb4 9. Bd3 0-0 10. 0-0 Bxc3 11. bxc3 Re8 12. Qb3 Nf8 13. c4 dxc4 14. Bxc4 Be6 15. Rac1 Bxc4 16. Rxc4 Ne6 17. Bg3 Qd5 18. Rfc1 Ne4 19. Bc7 h6 20. h3 N6g5 21. Nxg5 Nd2 22. Qd3 Nxc4 23. Qh7+ Kf8 24. Rxc4 hxg5 25. Rc5 Qxd4 26. Rxg5 Rac8 27. Rxg7 Rxc7 28. Qh8+ Ke7 29. Rxf7+ Kxf7 30. Qxd4 a6 31. Qf4+ 1-0

[Event "Stjernen CC-ch B"]
[Site "Oslo"]
[Date "2017.02.28"]
[Round "3"]
[White "Bernstein, Jonas August"]
[Black "Bratfoss, Rune"]
[Result "1-0"]
[WhiteElo "1553"]
[BlackElo "1447"]
[PlyCount "81"]
[EventDate "2017.02.07"]
[EventType "swiss"]
[EventRounds "9"]
[EventCountry "NOR"]
[SourceTitle "EXT 2024"]
[Source "ChessBase"]
[SourceDate "2023.10.10"]
[SourceVersion "1"]
[SourceVersionDate "2023.10.10"]
[SourceQuality "1"]

1. d4 d5 2. c4 c6 3. Nf3 Nf6 4. Nc3 Nbd7 5. e3 e6 6. Bd3 dxc4 7. Bxc4 Bd6 8. e4 Bb4 9. Bd3 0-0 10. 0-0 b5 11. Qc2 g6 12. e5 Nd5 13. Bh6 Re8 14. Ne2 Bf8 15. Qd2 Ne7 16. Bxf8 Nxf8 17. Qh6 Nf5 18. Bxf5 exf5 19. Nf4 Be6 20. Rfe1 Bd5 21. Ng5 f6 22. exf6 Qxf6 23. Red1 Re7 24. h4 Rae8 25. h5 Rg7 26. hxg6 hxg6 27. Nh5 Qe7 28. Nxg7 Qxg7 29. Qxg7+ Kxg7 30. Re1 Rxe1+ 31. Rxe1 Kf6 32. f4 Bxa2 33. Ra1 Bd5 34. Rxa7 Be6 35. Rc7 Bd7 36. Nh7+ Nxh7 37. Rxd7 Nf8 38. Rd6+ Ne6 39. Rxc6 Ke7 40. g3 Kf7 41. d5 1-0

[Event "Oslo op"]
[Site "Fornebu"]
[Date "2016.09.30"]
[Round "5"]
[White "Bernstein, Jonas August"]
[Black "Aure, Anders Nilsson"]
[Result "0-1"]
[WhiteElo "1486"]
[BlackElo "1757"]
[PlyCount "94"]
[EventDate "2016.09.30"]
[EventType "swiss"]
[EventRounds "9"]
[EventCountry "NOR"]
[SourceTitle "EXT 2018"]
[Source "ChessBase"]
[SourceDate "2017.10.13"]
[SourceVersion "1"]
[SourceVersionDate "2017.10.13"]
[SourceQuality "1"]

1. d4 Nf6 2. c4 g6 3. Nc3 d5 4. cxd5 Nxd5 5. e4 Nxc3 6. bxc3 Bg7 7. Bc4 c5 8. Ne2 0-0 9. 0-0 Nc6 10. Be3 Na5 11. Bd3 Bg4 12. f3 cxd4 13. cxd4 Be6 14. Qa4 Bd7 15. Bb5 Bxb5 16. Qxb5 a6 17. Qb4 b5 18. Rac1 Nc4 19. Bf2 Qd7 20. Rfd1 a5 21. Qb3 Rfc8 22. d5 a4 23. Qb4 a3 24. Bd4 Bf8 25. Nc3 Bh6 26. Rb1 Rcb8 27. Qc5 Nd6 28. e5 Rc8 29. Qb4 Rc4 30. Qb3 Rxd4 31. exd6 Rxd1+ 32. Qxd1 Qxd6 33. Nxb5 Qc5+ 34. Kh1 Rd8 35. Qb3 Rxd5 36. Nxa3 Rd2 37. Nc4 Re2 38. a4 Qf2 39. Qb8+ Kg7 40. Qg3 Qd4 41. Na5 Bf4 42. Qh4 g5 43. Qh3 Qd2 44. g3 Re1+ 45. Rxe1 Qxe1+ 46. Kg2 Be3 47. g4 Qg1# 0-1

[Event "Oslo Stjernens op"]
[Site "Oslo"]
[Date "2016.06.05"]
[Round "2"]
[White "Bernstein, Jonas August"]
[Black "Johnsen, Ole Jacob"]
[Result "1-0"]
[WhiteElo "1443"]
[BlackElo "1592"]
[PlyCount "37"]
[EventDate "2016.06.05"]
[EventType "swiss"]
[EventRounds "6"]
[EventCountry "NOR"]
[SourceTitle "CBM 173 Extra"]
[Source "ChessBase"]
[SourceDate "2016.08.29"]
[SourceVersion "1"]
[SourceVersionDate "2016.08.29"]
[SourceQuality "1"]

1. d4 d5 2. c4 c6 3. Nf3 Nf6 4. Nc3 e6 5. e3 Bb4 6. Bd3 Qa5 7. Bd2 Nbd7 8. 0-0 0-0 9. Qc2 dxc4 10. Bxc4 Nd5 11. Bd3 N7f6 12. e4 Bxc3 13. bxc3 Ne7 14. e5 Ne8 15. Bxh7+ Kh8 16. Qe4 Nf5 17. Bxf5 exf5 18. Qh4+ Kg8 19. Ng5 1-0

[Event "Oslo Stjernens op"]
[Site "Oslo"]
[Date "2016.06.05"]
[Round "1"]
[White "Nordquelle, Daniel"]
[Black "Bernstein, Jonas August"]
[Result "1-0"]
[WhiteElo "1909"]
[BlackElo "1443"]
[PlyCount "63"]
[EventDate "2016.06.05"]
[EventType "swiss"]
[EventRounds "6"]
[EventCountry "NOR"]
[SourceTitle "CBM 173 Extra"]
[Source "ChessBase"]
[SourceDate "2016.08.29"]
[SourceVersion "1"]
[SourceVersionDate "2016.08.29"]
[SourceQuality "1"]

1. e4 e6 2. d4 d5 3. Nc3 dxe4 4. Nxe4 Nd7 5. Nf3 Ngf6 6. Bg5 Be7 7. Bxf6 Nxf6 8. Bd3 0-0 9. 0-0 Nxe4 10. Bxe4 c5 11. c4 Qc7 12. Qc2 h6 13. Rad1 Bd7 14. Rfe1 Bc6 15. d5 exd5 16. cxd5 Bb5 17. Nd4 Ba6 18. Nf5 Bf6 19. d6 Qb6 20. Ne7+ Kh8 21. Nd5 Qxb2 22. Qxc5 Rfc8 23. Qe3 Qe5 24. Nc7 Rxc7 25. dxc7 Qxc7 26. Bf5 Bb5 27. h3 Bc6 28. Qc5 a6 29. Rd7 Qf4 30. Rxf7 Qd2 31. Rf8+ Rxf8 32. Qxf8# 1-0

[Event "Oslo Stjernens op B"]
[Site "Oslo"]
[Date "2016.03.13"]
[Round "4"]
[White "Bernstein, Jonas August"]
[Black "Sidali, Elias Hulleberg"]
[Result "1/2-1/2"]
[WhiteElo "1427"]
[BlackElo "1419"]
[PlyCount "45"]
[EventDate "2016.03.11"]
[EventType "swiss"]
[EventRounds "5"]
[EventCountry "NOR"]
[SourceTitle "EXT 2023"]
[Source "ChessBase"]
[SourceDate "2022.10.05"]
[SourceVersion "1"]
[SourceVersionDate "2022.10.05"]
[SourceQuality "1"]

1. d4 d5 2. c4 dxc4 3. e3 e5 4. Bxc4 exd4 5. Nf3 Nc6 6. 0-0 Bg4 7. exd4 Nf6 8. Qb3 Qd7 9. Ng5 0-0-0 10. Nxf7 Nxd4 11. Qe3 Bc5 12. Qd2 Qc6 13. Nxd8 Rxd8 14. Qg5 Nc2 15. Nc3 Nxa1 16. Bb5 Qb6 17. Ba4 h6 18. Qg6 Bf8 19. Be3 Qxb2 20. Nb5 a6 21. Na7+ Kb8 22. Nc6+ Kc8 23. Na7+ 1/2-1/2

[Event "Stjernen CC-ch B"]
[Site "Oslo"]
[Date "2016.??.??"]
[Round "6"]
[White "Rolstad, Morten"]
[Black "Bernstein, Jonas August"]
[Result "1/2-1/2"]
[WhiteElo "1628"]
[BlackElo "1383"]
[PlyCount "64"]
[EventDate "2016.02.02"]
[EventType "swiss"]
[EventRounds "9"]
[EventCountry "NOR"]
[SourceTitle "EXT 2024"]
[Source "ChessBase"]
[SourceDate "2023.10.10"]
[SourceVersion "1"]
[SourceVersionDate "2023.10.10"]
[SourceQuality "1"]

1. e4 c6 2. d4 d5 3. Nc3 dxe4 4. Nxe4 Bf5 5. Ng3 Bg6 6. h4 h6 7. Nf3 Nd7 8. h5 Bh7 9. Bd3 Bxd3 10. Qxd3 Qc7 11. Bd2 e6 12. 0-0-0 Ngf6 13. Ne4 Nxe4 14. Qxe4 Bd6 15. Qg4 Bf8 16. Bf4 Qa5 17. Kb1 Nf6 18. Qh4 Be7 19. Bd2 Qd5 20. Rde1 0-0-0 21. Bc3 Qb5 22. Ne5 Nd5 23. Qg3 Nxc3+ 24. Qxc3 Rhf8 25. Rd1 Qd5 26. Qf3 Bf6 27. Qxd5 Rxd5 28. f4 Bxe5 29. dxe5 Rfd8 30. Kc1 Kc7 31. Rxd5 Rxd5 32. Rd1 Rxd1+ 1/2-1/2

[Event "Oslo Stjernens op"]
[Site "Oslo"]
[Date "2015.11.07"]
[Round "3"]
[White "Bernstein, Jonas August"]
[Black "Aarnes, Eirik"]
[Result "0-1"]
[WhiteElo "1010"]
[BlackElo "1481"]
[PlyCount "78"]
[EventDate "2015.11.06"]
[EventType "swiss"]
[EventRounds "5"]
[EventCountry "NOR"]
[SourceTitle "CBM 169 Extra"]
[Source "ChessBase"]
[SourceDate "2015.12.18"]
[SourceVersion "1"]
[SourceVersionDate "2015.12.18"]
[SourceQuality "1"]

1. d4 d5 2. c4 c6 3. Nf3 Nf6 4. e3 Bf5 5. Nc3 e6 6. Be2 dxc4 7. Bxc4 Nbd7 8. 0-0 Bd6 9. Re1 Bc7 10. b4 b5 11. Be2 a5 12. Ba3 Bd6 13. Qb3 Qe7 14. Nb1 axb4 15. Bb2 0-0 16. Nbd2 Rfc8 17. Nh4 Ng4 18. Nxf5 exf5 19. Nf3 Nb6 20. h3 Nf6 21. Rac1 Qe6 22. Bd1 Nc4 23. Re2 Ra6 24. Nd2 Nxb2 25. Qxb2 Rxa2 26. Qb3 Qxb3 27. Bxb3 Rb2 28. d5 c5 29. Rc2 Rxc2 30. Bxc2 g6 31. e4 fxe4 32. Nxe4 Nxe4 33. Bxe4 c4 34. Kf1 c3 35. Bc2 Ra8 36. Re3 Kf8 37. Ke2 Ra2 38. Kd3 Rb2 39. Rf3 b3 0-1

[Event "Oslo Stjernens op"]
[Site "Oslo"]
[Date "2015.11.06"]
[Round "1"]
[White "Bernstein, Jonas August"]
[Black "Nesheim, Mathias"]
[Result "1-0"]
[WhiteElo "1010"]
[BlackElo "1548"]
[PlyCount "79"]
[EventDate "2015.11.06"]
[EventType "swiss"]
[EventRounds "5"]
[EventCountry "NOR"]
[SourceTitle "CBM 169 Extra"]
[Source "ChessBase"]
[SourceDate "2015.12.18"]
[SourceVersion "1"]
[SourceVersionDate "2015.12.18"]
[SourceQuality "1"]

1. d4 d5 2. c4 e6 3. Nf3 Nf6 4. e3 Be7 5. Bd3 dxc4 6. Bxc4 0-0 7. 0-0 b6 8. Nc3 Bb7 9. a3 Nbd7 10. Re1 c5 11. dxc5 Nxc5 12. Nd4 Rc8 13. Be2 a6 14. b4 Nce4 15. Nxe4 Nxe4 16. Bb2 Bd6 17. Nf3 Qe7 18. Rc1 Rxc1 19. Qxc1 Rc8 20. Qd1 Rd8 21. Qc1 b5 22. Rd1 Rc8 23. Qa1 Rc2 24. Bd3 Rc8 25. Bxg7 Ng5 26. Bh6 Nxf3+ 27. gxf3 Bxh2+ 28. Kg2 e5 29. Rh1 Bxf3+ 30. Kxf3 Qf6+ 31. Kg2 Qxh6 32. Rxh2 Qc6+ 33. f3 Rd8 34. Bxh7+ Kf8 35. Be4 Rd2+ 36. Kg3 Qd6 37. Qc1 Rd1 38. Qc5 Ke7 39. Qxd6+ Kxd6 40. Rh6+ 1-0